000 01600nas a2200337 i 4500
001 6293
003 ES-MaACL
005 20250819061546.0
007 t|
008 890920e19331934sp |||| | spa d
022 _a2480-1062
040 _cES-MaACL
080 _a141.82:82
245 0 0 _aOctubre :
_bescritores y artistas revolucionarios : Madrid, junio-julio 1933 - abril 1934 (6 números) ; Octubre: revelación de una revista mítica, por Enrique Montero
246 _aOctubre :
_brevelación de una revista mítica
260 _aMadrid :
_bTurner ;
_aVaduz, Liechtenstein :
_bTopos,
_c1977.
300 _aXXXVI, 176 páginas ;
_c30 cm
490 1 _aBiblioteca del 36. Revistas en la Segunda República española ;
_v11
530 _aDisponible en formato digital la edición original
534 _pReprod. anastática de la ed. de: Madrid: Gráf. Carrazas, 1933-1934
630 0 4 _aOctubre (Madrid. 1933)-
_vFacsímiles.
_9167890
650 7 _aComunismo y literatura
_2embne
_9160776
655 7 _2tgfbne
_9226866
_aRevistas
700 1 _aMontero Hernández, Enrique
_eaut
_982473
830 0 0 _aBiblioteca del 36.
_pRevistas en la Segunda República española
_v11
_9177501
852 _aES-MaACL
856 _uhttps://www.memoriademadrid.es/buscador.php?accion=VerFicha&id=30568&num_id=1&num_total=2
_yVersión en línea
_z(Biblioteca Digital Memoria de Madrid)
856 _uhttp://revistas.edaddeplata.org:8080/cgi-bin_todas/WUV.exe?app=rev
_yVersión en línea
_z(Revistas de la Edad de Plata)
942 _2udc
_cPERIODICA
_n0
999 _c6293
_d6293